000 00447nam a2200181Ia 4500
008 240510s9999 xx 000 0 und d
041 _aEng
082 _a519.68/12
082 _bNS
245 0 _aACSO-4/AVP RIQS/PL reference manual DFR22E-5
250 _a2nd ed.
260 _bTokyo : NEC
260 _c1987
300 _a529 p.
650 _aRelational information query system / programmer's language
942 _2ddc
942 _cLBK
999 _c23872
_d23872
945 _a1
_bMadushi Gamage
_c1
_dMadushi Gamage